Existing Use Value (Record no. 98088)
[ view plain ]
| 000 -LEADER | |
|---|---|
| fixed length control field | 00506cam a2200157 4500 |
| 001 - CONTROL NUMBER | |
| control field | D10261 |
| 008 - FIXED-LENGTH DATA ELEMENTS--GENERAL INFORMATION | |
| fixed length control field | 090401t xxu||||| |||| 00| 0 eng d |
| 035 ## - SYSTEM CONTROL NUMBER | |
| System control number | (Sirsi) u94583 |
| 041 ## - LANGUAGE CODE | |
| Language code of text/sound track or separate title | eng |
| 100 ## - MAIN ENTRY--PERSONAL NAME | |
| Personal name | Bowie, N.W. |
| 245 ## - TITLE STATEMENT | |
| Title | Existing Use Value |
| 350 ## - PRICE (NR) (BK AM CF MU VM SE) [OBSOLETE] | |
| Price | 0 |
| 520 ## - SUMMARY, ETC. | |
| Summary, etc. | In RICS General Practice Division. Assets Valuation Standards Committee. the valuation of land and buildings for financial statements: six lectures, 22 October-26 November 1980. 1980/80 ABC |
| 942 ## - ADDED ENTRY ELEMENTS (KOHA) | |
| Suppress in OPAC | 0 |
| 948 ## - LOCAL PROCESSING INFORMATION (OCLC); SERIES PART DESIGNATOR (RLIN) | |
| c (OCLC) | 04/03/1997 |
| Withdrawn status | Lost status | Source of classification or shelving scheme | Damaged status | Not for loan | Home library | Current library | Shelving location | Date acquired | Total Checkouts | Full call number | Barcode | Date last seen | Copy number | Price effective from | Koha item type |
|---|---|---|---|---|---|---|---|---|---|---|---|---|---|---|---|
| Other/Generic Classification Scheme | London | London | RICS Boxes | 29/11/2007 | 1980/80 | 94583-1001 | 06/08/2019 | 1 | 06/08/2019 | Archive | |||||
| Other/Generic Classification Scheme | London | London | RICS Boxes | 29/11/2007 | 1980/80 | 94583-1002 | 06/08/2019 | 2 | 06/08/2019 | Reference material | |||||
| Other/Generic Classification Scheme | London | London | RICS Boxes | 29/11/2007 | 1980/80 | 94583-1003 | 06/08/2019 | 3 | 06/08/2019 | Book |